000 01546nam a2200373 i 4500
001 000012784
003 DO-SdBNP
005 20240403092003.0
007 ta
008 150130s1996 dr ac 000 0 spa d
040 _aDO-SdBNP
_bspa
_cBNPHU
_erda
082 4 _a371.0712
_bR788c
_222
100 1 _aRosa de Castillo, Mercy de la
_929576
_eautora
245 1 0 _aCaminando con Jesus:
_b formación integral, humana y religiosa : educación básica, tercer grado
_cMercy de la Rosa de Castillo, Casilda Barías de Jiménez, Freddy Antonio García A., Salvador Valerio Pérez ; ilustración, Julio César Martínez.
264 1 _aSanto Domingo :
_bSusaeta,
_c1996
300 _a135 paginas :
_bIlustraciones., retratos. ;
_c25 cm.
336 _2rdacontent
_atexto
_btxt
337 _2rdamedia
_asin mediación
_bn
338 _2rdacarrier
_avolumen
_bnc
500 _aEducación básica, 3 er grado
505 _t
590 _aInventariado 2024/DG
650 4 _aEducación religiosa
_976954
_zRepública Dominicana
650 4 _aRepública Dominicana
_zRepública Dominicana
_99306
650 4 _aEducación religiosa
_xEnseñanza elemental
_976955
650 4 _aEducación religiosa
_xLibros texto
_976956
700 1 _aRosa de Castillo, Mercy de la,
_929576
_eautora
700 1 _aBarías de Jiménez, Casilda,
_929577
_eautora
700 1 _aGarcía A., Freddy Antonio,
_929578
_eautor
700 1 _aValerio Pérez, Salvador,
_929579
_eautor
700 1 _aMartínez, Julio César,
_eilustraciones
_91263
910 _aDG
942 _2ddc
_cLBS1
999 _c56221
_d56221